Welcome to CU Library Online Public Access Catalogue (OPAC)

Medical office procedures / (Record no. 2762)

MARC details
000 -LEADER
fixed length control field 00888cam a22002414a 4500
001 - CONTROL NUMBER
control field 12566406
005 - DATE AND TIME OF LATEST TRANSACTION
control field 20250122094948.0
008 - FIXED-LENGTH DATA ELEMENTS--GENERAL INFORMATION
fixed length control field 011017s2002 nyua 001 0 eng
020 ## - INTERNATIONAL STANDARD BOOK NUMBER
International Standard Book Number 0078262615 (pbk.)
050 10 - LIBRARY OF CONGRESS CALL NUMBER
Classification number R728.8
Item number .B44 2003
082 00 - DEWEY DECIMAL CLASSIFICATION NUMBER
Classification number 651/.93621
Edition information 23
100 1# - MAIN ENTRY--PERSONAL NAME
Personal name Becklin, Karonne J.
245 10 - TITLE STATEMENT
Title Medical office procedures /
Statement of responsibility, etc. Karonne J. Becklin.
250 ## - EDITION STATEMENT
Edition statement 5th ed.
260 ## - PUBLICATION, DISTRIBUTION, ETC.
Place of publication, distribution, etc. New York :
Name of publisher, distributor, etc. Glencoe / McGraw-Hill,
Date of publication, distribution, etc. c2003.
300 ## - PHYSICAL DESCRIPTION
Extent 1 v. (various pagings) :
Other physical details ill. color ;
Dimensions 28 cm. +
Accompanying material 1 CD-Rom (4 3/4 in.), 1 floppy disk (3 3/4 in.)
500 ## - GENERAL NOTE
General note Includes index.
650 #0 - SUBJECT ADDED ENTRY--TOPICAL TERM
Topical term or geographic name entry element Medical assistants.
650 #0 - SUBJECT ADDED ENTRY--TOPICAL TERM
Topical term or geographic name entry element Medical offices
General subdivision Management.
856 42 - ELECTRONIC LOCATION AND ACCESS
Materials specified Publisher description
Uniform Resource Identifier <a href="http://www.loc.gov/catdir/description/mh031/2001054797.html">http://www.loc.gov/catdir/description/mh031/2001054797.html</a>
856 41 - ELECTRONIC LOCATION AND ACCESS
Materials specified Table of contents
Uniform Resource Identifier <a href="http://www.loc.gov/catdir/toc/mh031/2001054797.html">http://www.loc.gov/catdir/toc/mh031/2001054797.html</a>
942 ## - ADDED ENTRY ELEMENTS (KOHA)
Source of classification or shelving scheme Library of Congress Classification
Koha item type Books
Edition 5th ed.
Suppress in OPAC No
999 ## -
-- 2762
-- 2762
Holdings
Withdrawn status Lost status Source of classification or shelving scheme Damaged status Not for loan Collection Home library Current library Shelving location Date acquired Total checkouts Full call number Barcode Date last seen Copy number Price effective from Koha item type
    Library of Congress Classification     Non-fiction Science Library (Miotso) Science Library (Miotso) General stacks 01/22/2025   R728.8 .B44 BEC SLM00002083 01/22/2025 1 01/22/2025 Books
    Library of Congress Classification     Non-fiction Science Library (Miotso) Science Library (Miotso) General stacks 01/22/2025   R728.8 .B44 BEC SLM00002084 01/22/2025 2 01/22/2025 Books
    Library of Congress Classification     Non-fiction Science Library (Miotso) Science Library (Miotso) General stacks 01/22/2025   R728.8 .B44 BEC SLM00002085 01/22/2025 3 01/22/2025 Books
    Library of Congress Classification     Non-fiction Science Library (Miotso) Science Library (Miotso) General stacks 01/22/2025   R728.8 .B44 BEC SLM00002086 01/22/2025 4 01/22/2025 Books
    Library of Congress Classification     Non-fiction Science Library (Miotso) Science Library (Miotso) General stacks 01/22/2025   R728.8 .B44 BEC SLM00002087 01/22/2025 5 01/22/2025 Books
    Library of Congress Classification     Non-fiction Science Library (Miotso) Science Library (Miotso) General stacks 01/22/2025   R728.8 .B44 BEC SLM00002088 01/22/2025 6 01/22/2025 Books
    Library of Congress Classification     Non-fiction Science Library (Miotso) Science Library (Miotso) General stacks 01/22/2025   R728.8 .B44 BEC SLM00002089 01/22/2025 7 01/22/2025 Books
    Library of Congress Classification     Non-fiction Science Library (Miotso) Science Library (Miotso) General stacks 01/22/2025   R728.8 .B44 BEC SLM00002090 01/22/2025 8 01/22/2025 Books
    Library of Congress Classification     Non-fiction Science Library (Miotso) Science Library (Miotso) General stacks 01/22/2025   R728.8 .B44 BEC SLM00002091 01/22/2025 9 01/22/2025 Books
    Library of Congress Classification     Non-fiction Science Library (Miotso) Science Library (Miotso) General stacks 01/22/2025   R728.8 .B44 BEC SLM00002092 01/22/2025 10 01/22/2025 Books
    Library of Congress Classification     Non-fiction Science Library (Miotso) Science Library (Miotso) General stacks 01/22/2025   R728.8 .B44 BEC SLM00002093 01/22/2025 11 01/22/2025 Books
    Library of Congress Classification     Non-fiction Science Library (Miotso) Science Library (Miotso) General stacks 01/22/2025   R728.8 .B44 BEC SLM00002094 01/22/2025 12 01/22/2025 Books
© 2023-2024 Copyright: Central University Libraries. All Rights Reserved | Created by: Mahone Tech Office